000 00288nam a22001337a 4500
008 170622b xxu||||| |||| 00| 0 eng d
020 _a9780880704458
041 _aeng
080 _a32
100 _a20
101 _aSHP
245 _aWHO OWNS THE LAND?
_cELLISEN,S.A
942 _2udc
_cBK
999 _c18581
_d18581